| 000 | 00947nam a22002417a 4500 | ||
|---|---|---|---|
| 001 | BRCA_9365 | ||
| 003 | FranzMayer | ||
| 005 | 20230918123315.0 | ||
| 008 | 230828b |||||||| |||| 00| 0 eng d | ||
| 020 | _a9686661042 | ||
| 040 |
_aMFM _bespañol _cMFM |
||
| 050 | 0 |
_aNK493.M6 _bS34 1982 |
|
| 100 | 1 |
_4Autor _aScheffler, Lilian _929357 |
|
| 240 |
_a1982 año interamericano de las artesanias _hJuguetes y miniaturas populares de México _lEspañol |
||
| 245 | 0 |
_a1982 año interamericano de las artesanias _bJuguetes y miniaturas populares de México |
|
| 260 |
_aCDMX, México _bFONART _c1982 |
||
| 300 |
_a39 p _bIlustraciones _c22 cm |
||
| 500 | _aAnexo 1 | ||
| 505 | _aTexto en. españolIncluye índice temáticoIncluye bibliografíaDirigido a: artistas y artesanos mexicanos | ||
| 650 | 1 |
_2Artes decorativas _aArtes populares _vArtes mexicanas _929358 |
|
| 651 | 2 |
_2Juguetes _aMiniaturas _vJuguetes mexicanos _929359 |
|
| 942 |
_2lcc _cH |
||
| 999 |
_c10987 _d10987 |
||